Statistics for Can you name the winners of all the AP awards since 2000?

Click here to take the quiz!

General Stats

  • This quiz has been taken 10 times
  • The average score is 72 of 142

Answer Stats

AwardYearHintAnswer% Correct
MVP2011PackersAaron Rodgers
100%
MVP2014PackersAaron Rodgers
100%
OPOY2015PanthersCam Newton
100%
MVP2015PanthersCam Newton
100%
OROY2011PanthersCam Newton
100%
OPOY2018ChiefsPatrick Mahomes
100%
MVP2018ChiefsPatrick Mahomes
100%
MVP2003ColtsPeyton Manning
100%
OPOY2013BroncosPeyton Manning
100%
CBPOY2012BroncosPeyton Manning
100%
MVP2013BroncosPeyton Manning
100%
OPOY2004ColtsPeyton Manning
100%
MVP2009ColtsPeyton Manning
100%
MVP2008ColtsPeyton Manning
100%
MVP2004ColtsPeyton Manning
100%
OPOY2010PatriotsTom Brady
100%
CBPOY2009PatriotsTom Brady
100%
MVP2007PatriotsTom Brady
100%
MVP2010PatriotsTom Brady
100%
MVP2017PatriotsTom Brady
100%
OPOY2007PatriotsTom Brady
100%
OROY2016CowboysDak Prescott
83%
CBPOY2004ChargersDrew Brees
83%
OPOY2008SaintsDrew Brees
83%
OPOY2011SaintsDrew Brees
83%
DPOY2012TexansJJ Watt
83%
DPOY2014TexansJJ Watt
83%
DPOY2015TexansJJ Watt
83%
OPOY2016FalconsMatt Ryan
83%
OROY2008FalconsMatt Ryan
83%
MVP2016FalconsMatt Ryan
83%
MVP2012VikingsAdrian Peterson
67%
OROY2007VikingsAdrian Peterson
67%
OPOY2012VikingsAdrian Peterson
67%
OROY2004SteelersBen Roethlisberger
67%
OPOY2009TitansChris Johnson
67%
OPOY2003RavensJamal Lewis
67%
CBPOY2000SaintsJoe Johnson
67%
CBPOY2016PackersJordy Nelson
67%
MVP2001RamsKurt Warner
67%
MVP2006ChargersLadainian Tomlinson
67%
OPOY2006ChargersLadainian Tomlinson
67%
MVP2019RavensLamar Jackson
67%
COY2005BearsLovie Smith
67%
DROY2015ChiefsMarcus Peters
67%
OPOY2000RamsMarshall Faulk
67%
OPOY2001RamsMarshall Faulk
67%
MVP2000RamsMarshall Faulk
67%
COY2009BengalsMarvin Lewis
67%
COY2008FalconsMike Smith
67%
CBPOY2013ChargersPhilip Rivers
67%
DPOY2003RavensRay Lewis
67%
DPOY2000RavensRay Lewis
67%
CBPOY2005PanthersSteve Smith
67%
DPOY2017RamsAaron Donald
50%
DROY2014RamsAaron Donald
50%
DPOY2018RamsAaron Donald
50%
OROY2017SaintsAlvin Kamara
50%
CBPOY2018ColtsAndrew Luck
50%
COY2002EaglesAndy Reid
50%
OROY2001BearsAnthony Thomas
50%
DPOY2005BearsBrian Urlacher
50%
DROY2000BearsBrian Urlacher
50%
OROY2005BuccaneersCadillac Williams
50%
OPOY2014CowboysDemarco Murray
50%
DPOY2004RavensEd Reed
50%
DPOY2006DolphinsJason Taylor
50%
DROY2016ChargersJoey Bosa
50%
CBPOY2017ChargersKeenan Allen
50%
DPOY2016BearsKhalil Mack
50%
OROY2019CardinalsKyler Murray
50%
DPOY2013PanthersLuke Kuechly
50%
DROY2012PanthersLuke Kuechly
50%
OPOY2019SaintsMichael Thomas
50%
DROY2010LionsNdamukong Suh
50%
DROY201949ersNick Bosa
50%
OROY2012RedskinsRobert Griffin
50%
CBPOY2019TitansRyan Tannehill
50%
OROY2018GiantsSaquon Barkley
50%
MVP2005SeahawksShaun Alexander
50%
OPOY2005SeahawksShaun Alexander
50%
DPOY2019PatriotsStephon Gilmore
50%
OPOY2017RamsTodd Gurley
50%
OROY2015RamsTodd Gurley
50%
DPOY2010SteelersTroy Polamalu
50%
DROY2011BroncosVon Miller
50%
COY2007PatriotsBill Belichick
33%
COY2010PatriotsBill Belichick
33%
DPOY2009PackersCharles Woodson
33%
DROY2018ColtsDarius Leonard
33%
DPOY2002BuccaneersDerrick Brooks
33%
OROY2013PackersEddie Lacy
33%
CBPOY2015ChiefsEric Berry
33%
DPOY2008SteelersJames Harrison
33%
COY201149ersJim Harbaugh
33%
COY2019RavensJohn Harbaugh
33%
DROY2017SaintsMarshon Lattimore
33%
CBPOY2011LionsMatthew Stafford
33%
DPOY2001GiantsMichael Strahan
33%
OROY2014GiantsOdell Beckham
33%
OPOY2002ChiefsPriest Holmes
33%
MVP2002RaidersRich Gannon
33%
COY2013PanthersRon Rivera
33%
COY2015PanthersRon Rivera
33%
COY2017RamsSean McVay
33%
DROY2013JetsSheldon Richardson
33%
MVP2003TitansSteve McNair
33%
OROY2003CardinalsAnquan Boldin
17%
DPOY2007ColtsBob Sanders
17%
DROY2009TexansBrian Cushing
17%
COY2014CardinalsBruce Arians
17%
COY2012ColtsBruce Arians
17%
CBPOY2008DolphinsChad Pennington
17%
CBPOY2006JetsChad Pennington
17%
OROY2002BroncosClinton Portis
17%
CBPOY200149ersGarrison Hearst
17%
COY2016CowboysJason Garrett
17%
DROY2008PatriotsJerod Mayo
17%
CBPOY2003BengalsJon Kitna
17%
DROY2004JetsJonothan Vilma
17%
DROY2002PanthersJulius Peppers
17%
DROY2001SteelersKendrell Bell
17%
COY2018BearsMatt Nagy
17%
CBPOY2010EaglesMichael Vick
17%
OROY2000BroncosMike Anderson
17%
DROY200749ersPatrick Willis
17%
OROY2009VikingsPercy Harvin
17%
CBPOY2014PatriotsRob Gronkowski
17%
OROY2010RamsSam Bradford
17%
COY2006SaintsSean Payton
17%
DROY2005ChargersShawn Merriman
17%
DROY2003RavensTerrell Suggs
17%
DPOY2011RavensTerrell Suggs
17%
CBPOY2002SteelersTommy Maddox
17%
OROY2006TitansVince Young
17%
COY2003PatriotsBill Beilichick
0%
DROY2006TexansDeMeco Ryans
0%
COY2001BearsDick Jauron
0%
CBPOY2007CowboysGreg Ellis
0%
COY2000SaintsJim Haslett
0%
COY2004ChargersMartty Schottenheimer
0%
CBPOY2005PatriotsTeddy Bruschi
0%

Score Distribution

Percentile by Number Answered

Percent of People with Each Score

Your Score History

You have not taken this quiz